[Event "Cattolica op-B 8th"]
[Site "Cattolica"]
[Date "2021.06.02"]
[Round "7"]
[White "Nemetz, Markus"]
[Black "De Renzi, Giuseppe"]
[Result "1-0"]
[WhiteElo "1867"]
[BlackElo "1436"]
[PlyCount "41"]
[EventDate "2021.05.27"]
[EventType "swiss"]
[EventRounds "7"]
[EventCountry "ITA"]
[SourceTitle "CBM 203 Extra"]
[Source "ChessBase"]
[SourceDate "2021.09.30"]
[SourceVersion "1"]
[SourceVersionDate "2021.09.30"]
[SourceQuality "1"]

1. d4 Nf6 2. c4 e6 3. Nc3 Bb4 4. f3 d5 5. a3 Bxc3+ 6. bxc3 c6 7. e3 0-0 8. cxd5 cxd5 9. Bd3 b6 10. Ne2 Bb7 11. 0-0 Nc6 12. e4 dxe4 13. fxe4 Ne7 14. Ng3 Qc8 15. c4 Rd8 16. e5 Nd7 17. Bxh7+ Kxh7 18. Qh5+ Kg8 19. Qxf7+ Kh8 20. Rf4 Ng8 21. Nh5 1-0

[Event "Cattolica op-B 8th"]
[Site "Cattolica"]
[Date "2021.05.30"]
[Round "4"]
[White "Glover, Sharon"]
[Black "De Renzi, Giuseppe"]
[Result "1/2-1/2"]
[WhiteElo "1673"]
[BlackElo "1436"]
[PlyCount "69"]
[EventDate "2021.05.27"]
[EventType "swiss"]
[EventRounds "7"]
[EventCountry "ITA"]
[SourceTitle "CBM 203 Extra"]
[Source "ChessBase"]
[SourceDate "2021.09.30"]
[SourceVersion "1"]
[SourceVersionDate "2021.09.30"]
[SourceQuality "1"]

1. d4 Nf6 2. c4 e6 3. Nc3 Bb4 4. Bd2 0-0 5. Nf3 b6 6. e3 Bb7 7. a3 Bxc3 8. Bxc3 d5 9. Be2 Nbd7 10. 0-0 c5 11. cxd5 Nxd5 12. Rc1 Nxc3 13. Rxc3 cxd4 14. Qxd4 Nf6 15. Rd1 Nd5 16. Rcd3 Ba6 17. R3d2 Bxe2 18. Rxe2 Qe7 19. Red2 Rac8 20. h3 h6 21. Ne5 Qg5 22. Nf3 Qe7 23. Qh4 Qxh4 24. Nxh4 Rc4 25. Nf3 Rfc8 26. Nd4 Rc1 27. e4 Rxd1+ 28. Rxd1 Nf6 29. Nb5 a6 30. Nc3 Kf8 31. Rd6 Rb8 32. e5 Ke7 33. Rd3 Nd7 34. f4 Nc5 35. Rd2 1/2-1/2

[Event "Liguria Region-ch"]
[Site "Spotorno"]
[Date "2016.05.14"]
[Round "3"]
[White "Mariani, Samuele"]
[Black "De Renzi, Giuseppe"]
[Result "0-1"]
[WhiteElo "1440"]
[BlackElo "1523"]
[PlyCount "61"]
[EventDate "2016.05.13"]
[EventType "swiss"]
[EventRounds "5"]
[EventCountry "ITA"]
[SourceTitle "EXT 2018"]
[Source "ChessBase"]
[SourceDate "2017.10.13"]
[SourceVersion "1"]
[SourceVersionDate "2017.10.13"]
[SourceQuality "1"]

1. d4 Nf6 2. Nf3 g6 3. Nc3 d5 4. e3 Bg7 5. Bb5+ c6 6. Ba4 0-0 7. 0-0 Bg4 8. h3 Bf5 9. Ne5 Nbd7 10. Nxd7 Nxd7 11. Re1 e5 12. dxe5 Nxe5 13. e4 dxe4 14. Qxd8 Raxd8 15. Bg5 Rd7 16. Nxe4 Bxe4 17. Rxe4 h6 18. Bh4 g5 19. Bg3 Ng6 20. c3 Rfd8 21. Rae1 Kf8 22. R4e3 f5 23. Re6 f4 24. Bxf4 gxf4 25. R1e4 Rd6 26. Bb3 Rxe6 27. Bxe6 Rd1+ 28. Kh2 Rd2 29. f3 Rxb2 30. Bf5 Ne7 31. Rxf4 0-1

[Event "Torino Province-ch"]
[Site "Torino"]
[Date "2015.03.12"]
[Round "7"]
[White "Peruffo, Giovanni"]
[Black "De Renzi, Giuseppe"]
[Result "0-1"]
[WhiteElo "1520"]
[BlackElo "1571"]
[PlyCount "84"]
[EventDate "2015.01.29"]
[EventType "swiss"]
[EventRounds "7"]
[EventCountry "ITA"]
[SourceTitle "EXT 2017"]
[Source "ChessBase"]
[SourceDate "2016.10.25"]
[SourceVersion "1"]
[SourceVersionDate "2016.10.25"]
[SourceQuality "1"]

1. b3 e5 2. Bb2 d5 3. e3 Nc6 4. Bb5 Bd6 5. Nf3 Bg4 6. h3 Bxf3 7. Qxf3 Nf6 8. Nc3 a6 9. Bxc6+ bxc6 10. 0-0 0-0 11. d3 Qe7 12. a4 Rab8 13. Qe2 c5 14. Nd1 d4 15. Ba3 Nd5 16. Nb2 Nc3 17. Qd2 f5 18. Nc4 Qg5 19. Bb2 Nd5 20. Qe2 f4 21. Qf3 Nb4 22. Rac1 fxe3 23. Qe2 exf2+ 24. Rxf2 Rxf2 25. Qxf2 Rf8 26. Qe2 Nd5 27. Re1 Nf4 28. Qg4 Qf6 29. Bc1 Nxh3+ 30. Kh2 Nf4 31. Nd2 h5 32. Qg3 h4 33. Qg4 Qh6 34. Ne4 Qh7 35. Ng5 Qh5 36. Qxh5 Nxh5 37. Kh3 Rf2 38. Kxh4 Nf4 39. Bxf4 Rxf4+ 40. g4 Rf2 41. Rc1 Rh2+ 42. Kg3 e4# 0-1

[Event "Torino Estate Alfieri C"]
[Site "Torino"]
[Date "2011.06.07"]
[Round "5"]
[White "De Renzi, Giuseppe"]
[Black "Barbonese, Roberto"]
[Result "1-0"]
[WhiteElo "1550"]
[BlackElo "1365"]
[PlyCount "101"]
[EventDate "2011.05.03"]
[EventType "tourn"]
[EventRounds "7"]
[EventCountry "ITA"]
[SourceTitle "EXT 2024"]
[Source "ChessBase"]
[SourceDate "2023.10.10"]
[SourceVersion "1"]
[SourceVersionDate "2023.10.10"]
[SourceQuality "1"]

1. b4 e5 2. Bb2 Nc6 3. b5 Na5 4. Bxe5 d6 5. Bc3 b6 6. e3 Bb7 7. Nf3 Be7 8. Bxg7 Bf6 9. Bxh8 Bxa1 10. Bxa1 Qd7 11. Bc3 Qe6 12. Bxa5 bxa5 13. Nc3 Nf6 14. Nd4 Qe7 15. Nb3 a4 16. Na5 Bc8 17. Qf3 Rb8 18. Nc6 Bb7 19. Nd5 Bxc6 20. Nxf6+ Kd8 21. bxc6 Rb1+ 22. Ke2 Qe6 23. Nd5 Qg6 24. g3 Rb2 25. Qf6+ Qxf6 26. Nxf6 Rxa2 27. Bg2 Rxc2 28. Ra1 Ke7 29. Nd5+ Kd8 30. Nc3 Kc8 31. Rxa4 Kb8 32. Re4 a5 33. Nb5 Rxc6 34. Re8+ Kb7 35. Nd4 a4 36. Bxc6+ Kb6 37. Bxa4 c5 38. Kd3 Ka5 39. Ra8+ Kb6 40. Kc4 Kb7 41. Rf8 cxd4 42. Kb5 dxe3 43. Rxf7+ Kc8 44. Kc6 Kd8 45. Kxd6 Kc8 46. dxe3 h6 47. e4 h5 48. e5 h4 49. e6 hxg3 50. Kc6 Kd8 51. hxg3 1-0

[Event "Torino 150 Italy Unity op B"]
[Site "Torino"]
[Date "2011.05.31"]
[Round "1"]
[White "Mantovan, Giuseppe"]
[Black "De Renzi, Giuseppe"]
[Result "1-0"]
[WhiteElo "1837"]
[BlackElo "1550"]
[PlyCount "61"]
[EventDate "2011.05.31"]
[EventType "swiss"]
[EventRounds "9"]
[EventCountry "ITA"]
[SourceTitle "EXT 2024"]
[Source "ChessBase"]
[SourceDate "2023.10.10"]
[SourceVersion "1"]
[SourceVersionDate "2023.10.10"]
[SourceQuality "1"]

1. d4 Nf6 2. c4 g6 3. Nc3 d5 4. cxd5 Nxd5 5. e4 Nxc3 6. bxc3 Bg7 7. Bc4 0-0 8. Ne2 c5 9. 0-0 cxd4 10. cxd4 Nc6 11. Be3 Na5 12. Bd3 Be6 13. Qd2 Nc4 14. Bxc4 Bxc4 15. Rfd1 b5 16. Ng3 a5 17. Rac1 a4 18. a3 e6 19. e5 Qc7 20. Bh6 Qe7 21. Rc3 Rfd8 22. Bxg7 Kxg7 23. Ne4 Bb3 24. Rdc1 b4 25. Rc7 Rd7 26. Rxd7 Qxd7 27. Qxb4 Rd8 28. Nd6 Qa7 29. Qd2 Rd7 30. Qf4 Rd8 31. Qf6+ 1-0